00723 a2200169 4500003000500000005001700005010001300022040000900035082001500044100004100059245005700100260002700157300002600184505027900210600004100489650002300530NUST20221226140302.0 a62018464 cNust a355.02,SLI aSlim, William Joseph Slim, Viscount, aUnofficial history /cField-Marshal Sir William Slim aLondonbCassellcc1959 a242 p.;billusc24 cm aTigris Bank (Page-1), The Incorrigible Rogue (Page-23), Elizabeth Succeeded Henry (Page-51), Aid to the Civil (Page-73), Students Interlude (Page-99), Counsel of Fears (Page-125), It Pays to Be Bold (Page-149), Persian Pattern (Page-177), Caviar to The General (Page-211).  aSlim, William Joseph Slim, Viscount, aUnofficial history